| 000 | 01081njm a22002657a 4500 | ||
|---|---|---|---|
| 005 | 20100901143234.0 | ||
| 006 | a|||||r|||||00| 0 | ||
| 007 | sd ammalaaahaa | ||
| 008 | 100901t xxu||||| |||| 00| 0 eng d | ||
| 028 |
_aVE 2527 _bColumbia |
||
| 035 | _aGR-212 | ||
| 040 |
_aSED _cSED |
||
| 100 |
_aMullick, Pankaj _917825 |
||
| 245 |
_aMy sister / _cby Pankaj Mullick; lyrics by Bhusan _h[sound recording] |
||
| 246 | _aमाय सिस्टर / पंकज मुल्लिच्क | ||
| 260 |
_aMiddlesex, England _bColumbia |
||
| 300 |
_a1 sound disc [Gramophone Recording] : _banalog, 33 1/3 rpm _c9.5 in. (MP) _fGramophone Records |
||
| 500 | _aBrief record | ||
| 505 | _aSide-1 आशा ने खेल (Asha ne khel - My sister ) (Pankaj Mullick), Side-2 ऐ कातिबे तकदीर (Ae katibe taqdeer - My sister) (Pankaj Mullick) | ||
| 650 |
_aClassical music _xExcerpts _zIndia _917826 |
||
| 700 | _917827 | ||
| 700 | _917828 | ||
| 942 |
_2ddc _cGR |
||
| 999 |
_c43382 _d43382 |
||